| 000 | 00342nam a2200145Ia 4500 | ||
|---|---|---|---|
| 008 | 230917s9999||||xx |||||||||||||| ||und|| | ||
| 020 | _cPON13.95 | ||
| 040 |
_e12499 _aMAIN |
||
| 041 | _aEnglish | ||
| 082 | _a301.045 | ||
| 100 | _aTurner, Bryan S | ||
| 245 | 0 | _aFor Weber: Essays on the sociology of fate | |
| 260 | _c1981 | ||
| 942 | _cBK | ||
| 999 |
_c228254 _d228254 |
||